Personal Finance (Record no. 5403)

MARC details
005 - DATE AND TIME OF LATEST TRANSACTION
control field 20250627171238.0
020 ## - INTERNATIONAL STANDARD BOOK NUMBER
International Standard Book Number 0-07-0667675
082 ## - DEWEY DECIMAL CLASSIFICATION NUMBER
Classification number 332 KAP
100 ## - MAIN ENTRY--PERSONAL NAME
Author name KAPOOR, J. R.
245 ## - TITLE STATEMENT
Title Personal Finance
250 ## - EDITION STATEMENT
Edition statement 6th Ed.
260 ## - PUBLICATION, DISTRIBUTION, ETC.
Place of publication, distribution, etc. New York,
Name of publisher, distributor, etc. McGraw Hill,
Date of publication, distribution, etc. 2007.
300 ## - PHYSICAL DESCRIPTION
Extent xxx, 663p.; ill.; figure, table, picture
Other physical details Appendix, index
Dimensions 24cm.
700 ## - ADDED ENTRY--PERSONAL NAME
Other authors/Editors DLABAY, L. R. & HUGHES, R. J.
942 ## - ADDED ENTRY ELEMENTS (KOHA)
Source of classification or shelving scheme Dewey Decimal Classification
Koha item type Books
Holdings
Date last seen Total checkouts Full call number Barcode Cost, replacement price Price effective from Koha item type Lost status Source of classification or shelving scheme Damaged status Not for loan Withdrawn status Home library Current library Shelving location Date acquired Cost, normal purchase price Source of acquisition
06/26/2025   332.024 KAP DOM0002122 255000.00 06/26/2025 Books   Dewey Decimal Classification       CBE Dodoma CBE Dodoma General Collection 07/21/2004 85000.00  
06/26/2025   332.024 KAP DOM000728 255000.00 06/26/2025 Books   Dewey Decimal Classification       CBE Dodoma CBE Dodoma General Collection 07/21/2004 85000.00  
06/27/2025   332.024 KAP DOM000460 255000.00 06/26/2025 Books   Dewey Decimal Classification       CBE Dodoma CBE Dodoma General Collection 07/21/2004 85000.00 Library budget
06/27/2025   332 KAP DOM000459 255000.00 06/26/2025 Books   Dewey Decimal Classification       CBE Dodoma CBE Dodoma General Collection 07/21/2004 85000.00 Library budget